<?xml version="1.0" encoding="UTF-8"?>
<record
    xmlns:xsi="http://www.w3.org/2001/XMLSchema-instance"
    xsi:schemaLocation="http://www.loc.gov/MARC21/slim http://www.loc.gov/standards/marcxml/schema/MARC21slim.xsd"
    xmlns="http://www.loc.gov/MARC21/slim">

  <leader>03407cam a22004454i 4500</leader>
  <controlfield tag="003">PE-LiUPU</controlfield>
  <controlfield tag="005">20250731165440.0</controlfield>
  <controlfield tag="008">160610s2011    pe a   grm    000 0 spa d</controlfield>
  <datafield tag="035" ind1=" " ind2=" ">
    <subfield code="a">(Sirsi) a157183</subfield>
  </datafield>
  <datafield tag="040" ind1=" " ind2=" ">
    <subfield code="a">PE-LiUPU</subfield>
    <subfield code="b">spa</subfield>
    <subfield code="c">PE-LiUPU</subfield>
    <subfield code="e">rda</subfield>
  </datafield>
  <datafield tag="099" ind1=" " ind2=" ">
    <subfield code="a">TIS 2</subfield>
    <subfield code="b">CH29 2011</subfield>
  </datafield>
  <datafield tag="100" ind1="1" ind2=" ">
    <subfield code="a">Ch&#xE1;vez Pretel, Lisette,</subfield>
    <subfield code="e">autor</subfield>
  </datafield>
  <datafield tag="245" ind1="1" ind2=" ">
    <subfield code="a">Propuesta de mejora para los procesos de Gesti&#xF3;n de Clientes a trav&#xE9;s de la herramienta SugarCRM basado en la Gesti&#xF3;n de la relaci&#xF3;n con el cliente en la Empresa CARYDER SAC /</subfield>
    <subfield code="C">Lisette Ch&#xE1;vez Prete.</subfield>
  </datafield>
  <datafield tag="264" ind1=" " ind2="0">
    <subfield code="c">2011.</subfield>
  </datafield>
  <datafield tag="300" ind1=" " ind2=" ">
    <subfield code="a">100 hojas : </subfield>
    <subfield code="b">ilustraciones;</subfield>
    <subfield code="c">30 cm</subfield>
  </datafield>
  <datafield tag="336" ind1=" " ind2=" ">
    <subfield code="a">text</subfield>
    <subfield code="2">rdacontent</subfield>
  </datafield>
  <datafield tag="337" ind1=" " ind2=" ">
    <subfield code="a">unmediated</subfield>
    <subfield code="2">rdamedia</subfield>
  </datafield>
  <datafield tag="338" ind1=" " ind2=" ">
    <subfield code="a">volume</subfield>
    <subfield code="2">rdacarrier</subfield>
  </datafield>
  <datafield tag="502" ind1=" " ind2=" ">
    <subfield code="a">Tesis</subfield>
    <subfield code="b">(Lic.) -- </subfield>
    <subfield code="c">Universidad Peruana Uni&#xF3;n,</subfield>
    <subfield code="d">2011.</subfield>
  </datafield>
  <datafield tag="504" ind1=" " ind2=" ">
    <subfield code="a">Incluye referencias</subfield>
  </datafield>
  <datafield tag="520" ind1="3" ind2=" ">
    <subfield code="a">La metodolog&#xED;a C.R.M. (Gesti&#xF3;n de la Relaci&#xF3;n con los Clientes, por sus siglas en ingl&#xE9;s) va cobrando m&#xE1;s adeptos entre las empresas, convirti&#xE9;ndose en los &#xFA;ltimos a&#xF1;os en tema de obligada discusi&#xF3;n y an&#xE1;lisis al interior de las organizaciones que viven de "crear" clientes, "mantenerlos" y lograr la m&#xE1;xima "rentabilidad" en su relaci&#xF3;n con ellos. Ante los cambios actuales del entorno econ&#xF3;mico y la revoluci&#xF3;n de la informaci&#xF3;n, a la cual tiene acceso el cliente, es necesario que las organizaciones pasen de un enfoque centrado en el manejo de producto a un esquema de focalizaci&#xF3;n en el cliente. La necesidad de conocer y comprender al cliente es uno de los valores a los que aspiran las organizaciones. Conociendo al cliente, se pueden planificar aquellas tareas necesarias para reforzar su confianza en la organizaci&#xF3;n y adquirir un compromiso que permita una relaci&#xF3;n de negocio favorable. Las empresas buscan facilidades para analizar vol&#xFA;menes de datos para poder tomar decisiones de forma inteligente. A trav&#xE9;s de este documento deseamos brindar un marco de an&#xE1;lisis y una herramienta para lograr generar una primera visi&#xF3;n de c&#xF3;mo encontrar el camino de ubicar al cliente como el centro y eje dl movimiento de su organizaci&#xF3;n. El Sugar CRM es una herramienta de CRM que se basa en una aplicaci&#xF3;n compuesta de scripts escritos en lenguaje PHP, un servidor de aplicaciones Apache para dar servicio a los clientes Web de los usuarios con el fin de restringir el acceso al personal ajeno a la organizaci&#xF3;n. Finalmente, los administradores se encargar&#xE1;n de la gesti&#xF3;n de los usuarios y el mantenimiento del sistema (especialmente del de la base de datos). As&#xED; mismo los usuarios ser&#xE1;n los que manipular&#xE1;n el sistema de acuerdo a la necesidad que se requiera. Con esta herramienta la empresa CARYDER SAC podr&#xE1; manejar la informaci&#xF3;n de sus clientes de manera organizada automatizando as&#xED; sus procesos que se relacionan tanto directos como indirectamente con esta herramienta.</subfield>
  </datafield>
  <datafield tag="526" ind1=" " ind2=" ">
    <subfield code="a">SEG44</subfield>
  </datafield>
  <datafield tag="526" ind1=" " ind2=" ">
    <subfield code="a">SEG26</subfield>
  </datafield>
  <datafield tag="526" ind1=" " ind2=" ">
    <subfield code="a">P151</subfield>
  </datafield>
  <datafield tag="526" ind1=" " ind2=" ">
    <subfield code="a">P150</subfield>
  </datafield>
  <datafield tag="526" ind1=" " ind2=" ">
    <subfield code="a">P149</subfield>
  </datafield>
  <datafield tag="526" ind1=" " ind2=" ">
    <subfield code="a">P146</subfield>
  </datafield>
  <datafield tag="526" ind1=" " ind2=" ">
    <subfield code="a">P145</subfield>
  </datafield>
  <datafield tag="526" ind1=" " ind2=" ">
    <subfield code="a">P126</subfield>
  </datafield>
  <datafield tag="526" ind1=" " ind2=" ">
    <subfield code="a">P125</subfield>
  </datafield>
  <datafield tag="526" ind1=" " ind2=" ">
    <subfield code="a">P92</subfield>
  </datafield>
  <datafield tag="526" ind1=" " ind2=" ">
    <subfield code="a">P75</subfield>
  </datafield>
  <datafield tag="526" ind1=" " ind2=" ">
    <subfield code="a">P74</subfield>
  </datafield>
  <datafield tag="526" ind1=" " ind2=" ">
    <subfield code="a">P27</subfield>
  </datafield>
  <datafield tag="526" ind1=" " ind2=" ">
    <subfield code="a">P15</subfield>
  </datafield>
  <datafield tag="650" ind1="0" ind2="4">
    <subfield code="a">Gesti&#xF3;n de clientes</subfield>
    <subfield code="x">Marketing.</subfield>
  </datafield>
  <datafield tag="596" ind1=" " ind2=" ">
    <subfield code="a">1</subfield>
  </datafield>
  <datafield tag="942" ind1=" " ind2=" ">
    <subfield code="2">ddc</subfield>
    <subfield code="c">TESIS</subfield>
  </datafield>
  <datafield tag="999" ind1=" " ind2=" ">
    <subfield code="a">TIS 2 CH29 2011</subfield>
    <subfield code="w">ALPHANUM</subfield>
    <subfield code="c">9859</subfield>
    <subfield code="i">T01574</subfield>
    <subfield code="l">CCODEBUL3</subfield>
    <subfield code="m">BUL</subfield>
    <subfield code="r">1</subfield>
    <subfield code="s">Y</subfield>
    <subfield code="t">TESIS</subfield>
    <subfield code="u">2016-6-10</subfield>
    <subfield code="x">POSGRADO</subfield>
    <subfield code="P">P27</subfield>
    <subfield code="o">.STAFF. Tesis</subfield>
    <subfield code="d">9859</subfield>
  </datafield>
  <datafield tag="980" ind1=" " ind2=" ">
    <subfield code="8">1</subfield>
    <subfield code="g">ALBERTO SANCHEZ Responsable de Automatizaci&#xF3;n</subfield>
  </datafield>
  <datafield tag="952" ind1=" " ind2=" ">
    <subfield code="r">2022-07-06 00:00:00</subfield>
    <subfield code="l">0</subfield>
    <subfield code="o">TIS 2 CH29 2011</subfield>
    <subfield code="p">T01574</subfield>
    <subfield code="t">e1</subfield>
    <subfield code="w">2016-06-10</subfield>
    <subfield code="x">FIA</subfield>
    <subfield code="y">TESIS</subfield>
    <subfield code="z">Este &#xCD;tem NO se presta por ser Ejemplar #1.</subfield>
    <subfield code="1">0</subfield>
    <subfield code="2">ddc</subfield>
    <subfield code="7">1</subfield>
    <subfield code="8">TESIS</subfield>
    <subfield code="f">P27</subfield>
    <subfield code="a">BUL</subfield>
    <subfield code="b">BUL</subfield>
    <subfield code="c">TESIS</subfield>
    <subfield code="d">2016-06-10</subfield>
  </datafield>
</record>
